[Event "Turnier 40 / 120"]
[Site "DESKTOP-NL3KVDB"]
[Date "2023.03.29"]
[Round "21"]
[White "Mephisto Risc II - 14 MHZ"]
[Black "Mephisto Phönix TM Vancouver - 36 MHZ"]
[Result "1/2-1/2"]
[BlackElo "2250"]
[WhiteElo "2244"]

{Anaylse -----> Komodo 14.1.} 1. e4 Nf6 2. e5 Nd5 3. d4 d6 4. Nf3 g6 5. Bc4
c6 6. h3 {Buchende} dxe5 7. Nxe5 {Buchbewertung Mephisto Risc II: +0,08}
Bf5 {Buchende} 8. O-O Nd7 {Buchbewertung TM Vancouver: -0,09 / lt. Komodo
steht Weiss etwas besser mit ca. +0,60} 9. Nxd7 Qxd7 10. Re1 Bg7 11. Bb3
O-O 12. Nc3 Nxc3 13. bxc3 Qc7 14. g4 Bc8 15. Ba3 Re8 16. Qf3 e6 17. Rad1 b6
18. d5 {lt. Komodo büsst das nur ca. 0,4 Bauerneinheiten ein gegenüber c4,
mir persönlich gefällt dieser Zug weniger, da er die Bauernstruktur am
Damenflügel nachhaltig schädigt} cxd5 19. Bxd5 Rb8 20. Be4 Be5? {ein
schlechter Zug, der die Vorzeichen umkehrt, danach ist Weiss leicht im
Vorteil, Komodo -0,30, deutlich besser ist Lf8 mit leichtem Vorteil für
Schwarz} 21. Bc6 Bb7?? {ein Verlustzug, danach ist die Partie praktisch
schon verloren, Komodo -1,30, nötig war Lh2+} 22. Bxb7 Bh2+ 23. Kh1 Rxb7
24. Bc1 f6 {eben das ist das Problem, erzwungen, da sonst Df6 nebst Lh6 ein
unabwendbares Mattnetz droht, Ld6 geht nicht wegen Txd6} 25. Qxf6 Bd6 26.
Rxe6 Rf8 27. Qd4 Qc6+ 28. Qd5 {deutlich besser ist De4 mit ca. +1,30,
Komodo +0,80} Qxd5+ 29. Rxd5 Bf4? {das ist Pech im letzten Moment bewertet
TM Vancouver den Textzug um +0,03 besser als den deutlich stärkeren Zug
Txf2, danach steht Weiss klar besser, Komodo -1,20} 30. Bb2 Bh6 31. Kg2
Bg7? {weit schwächer als Tbf7, danach ist die Partie praktisch schon
verloren, Komodo -1,70 mit der Fortsetzung Tc6} 32. Re3 {klar schwächer als
Tc6, Komodo +1,20} Rc7 33. Red3 Bf6? {auch nicht gerade das Gelbe vom Ei,
besser ist Tbf7, Komodo -1,40} 34. f4 {nicht optimal, besser ist g5, Komodo
+1,00} Re8 {besser ist Tc4, Komodo -1,30} 35. Kf3 Rec8 36. f5?? {ein ganz
schlechter Zug, der den Grossteil des Vorteil verspielt, deutlich besser
ist a4 mit ca. +1,20, Komodo +0,50} Bxc3?? {so aber nicht, ein ganz
schlechter Zug, der eine ganze Bauerneinheit einstellt, Komodo -1,50, nötig
war gxf5} 37. Bxc3 Rxc3 38. Rd8+? {die Feinheiten von Turmendspielen sind
bei unseren Oldies bekanntermassen ein Problembereich, Risc II verspielt
gleich wieder den halben Vorteil Vorteil, Komodo nur noch +0,60, nötig war
fxg6, klar jetzt bekommt Weiss statt der 2 geschlossenen Bauern einen
schwachen Isolani, der ungleich schwerer zu verwerten ist, nach Txd8+,
Txd8, Txc3, gxf5 ist es soweit, falls TM Vancouver das korrekt
weiterspielt} Rxd8 39. Rxc3 gxf5 {damit ist es ein weiter Weg zum Sieg
geworden} 40. gxf5 Rd5??? {ein völlig absurder Zug, der die Partie bereits
klar verliert, was bitte soll dieser Schwachsinn bringen ???, der König
rückt vor und deckt mit Tempogewinn den Bauern, das ist doch sonnenklar,
nötig war es natürlich den König am Vormarsch zu hindern, Risc II hatte den
richtigen Zug Td4 !! vorgeschlagen danach ist es bereits Remis, Komodo
-1,70} 41. Kg4 {etwas besser ist Kf4, Komodo +1,30} h6 42. Rc6 {besser ist
Tc7, Komodo +1,00} Kg7 43. h4 Ra5 44. Rg6+?? {ein sinnloses Schachgebot,
das den Vorteil halbiert, Komodo +0,60, nötig war Kf4 mit ca. +1,20} Kh7
45. c3? {verschenkt einfach alles, danach ist es bereits Remis, nötig war
immer noch Kf4, Komodo 0,00} Rxa2 46. Kh5 Rf2 47. Rxh6+ Kg7 48. Rg6+
{dieses Motiv kennt man schon, es ist nicht zu gewinnen, geht der König auf
die G-Linie bekommt er von hinten Schach, dann werden abwechselnd der H
bzw. F-Bauer angegriffen, Komodo 0,00} Kf7 49. Kh6 a5 50. Rxb6 Rxf5 51.
Rb7+ Kf6 52. Ra7 Rb5 53. h5 Re5 {der Mehrbauer als Randbauer ist nicht mehr
zu verwerten, Userentscheid: Remis} 1/2-1/2
[/pgn]
[pgn]

[Event "Turnier 40 / 120"]
[Site "DESKTOP-NL3KVDB"]
[Date "2023.03.30"]
[Round "22"]
[White "Mephisto Phönix TM Vancouver - 36 MHZ"]
[Black "Mephisto Risc II - 14 MHZ"]
[Result "1-0"]
[BlackElo "2244"]
[WhiteElo "2250"]

{Analyse -----> Komodo 14.1.} 1. e4 c5 2. d4 {Buchende} cxd4 3. Qxd4
{Buchbewertung TM Vancouver: +0,12} Nc6 4. Qd3 g6 {Buchende} 5. Nf3 Bg7
{Buchbewertung Mephisto Risc II: -0,09 lt. Komodo ist die Stellung etwa
gleich} 6. Be2 Nf6 7. O-O O-O 8. Nc3 Nb4 9. Qc4 {ungenau, das erlaubt
Schwarz den Bauern c2 zu nehmen, da dann d5 mit Angriff auf die Dame
erfolgen kann, besser ist Db5, danach wäre der Bauer tabu und der Springer
müsste zurück nach c6, die Stellung ist im Lot} Nxc2! 10. Rb1 a5??? {ein
Verlustzug, danach ist die Partie praktisch schon verloren, Komodo -1,80,
hier hat Risc II Pech, denn er verwirft d5 wegen einer Bewertungsdifferenz
von -0,02 zu gunsten des Textzuges er übersieht hier den gewinnbringenden
Vorstoss von Weiss e5 und rechnet mit a3 und glaubt dann immer noch d5
spielen zu können, ein Irrtum !} 11. e5! {TM Vancouver macht den richtigen
Zug, erkennt aber nur geringen Vorteil mit +0,21} Ne8 12. a3 d5??? {ein
grottenschlechter Zug, danach ist bereits alles aus, Komodo -3,70, weit
besser ist noch d6 mit ca. -2,00} 13. Qxd5??? {ein grottenschlechter Zug,
der ganze 2 Bauerneinheiten !! einbüsst, Komodo +1,50, natürlich Sxd5, und
TM Vancouver erkennt hier praktisch keinen Vorteil, Bewertung nur +0,18}
Nc7 14. Qc4 Be6? {ein fanz schlechter Zug, Komodo -2,30 mit der Fortsetzung
Dh4, deutlich besser ist b5 mit ca. -1,50} 15. Qh4 Bf5? {neuerlich ganz
schwach, danach ist bereits alles aus, Komodo -3,30 mit der Fortsetzung
Td1, nötig war immer noch b5} 16. Rd1! {TM Vancouver macht den richtigen
Zug, erkennt aber erst relativ geringen Vorteil +0,69, ja man darf halt
nicht vergessen, die Stellung ist klar verloren für Schwarz, aber halt nach
dem Massstab von Komodo 14.1. im 35. HZ, für einen Oldie natürlich
illusorisch, das schon zu sehen, bis zum Sieg ist noch ein ordentlicher Weg
zu gehen, in letzter Zeit sind oftmals gewonnene Stellung nicht verwertet
worden, hier heisst es noch abwarten, das ist noch nicht erledigt.} Qe8 17.
g4 {besser ist Lh6, Komodo +2,70} Nxa3 18. bxa3??? {und da sehen wir wieder
wovon ich sprach, verschenkt bereits einen Grossteil des Vorteiles, ein
ganz schlechter Zug, Komodo nur noch +1,00 für Weiss, nötig war natürlich
Ta1, warum hier die Qualität einfach hergeben ?, völlig unverständlich,
nach Ta1 sind doch der Springer a3 und der Läufer f5 angegriffen,
verschenkt glatt die Qualität und somit ganze 2 Bauerneinheiten !!, damit
ist praktisch wieder alles offen, der Vorteil von Weiss ist nur noch
minimal, rein materiell ist es ja mit Turm + Bauer gegen Springer + Läufer
sogar ausgeglichen.} Bxb1 19. Nxb1 Qa4 20. Nc3 Qc6 21. Bb2 {besser ist Ld2}
Rfe8? {ein schwacher Zug, deutlich besser ist Se6, Komodo -1,50} 22. h3?
{ein völlig sinnloser Zug, der den Vorteil deutlich reduziert, Komodo
+1,00, nötig war natürlich der aktive Angriff Sd4} Rac8 {klar schwächer als
Se6 oder b5} 23. Ng5??? {völlig sinnlos, wird doch sofort wieder vertrieben
und verspielt nahezu den gesamten Vorteil, Komodo +0,40, nötig war
natürlich immer noch Sd4} h6! {überrascht ?} 24. Nf3 Ne6 25. Rd5?? {ein
Verlustzug, der bereits Schwarz klar in Vorteil bringt, Komodo -1,30 mit
der Fortsetzung g5, nötig war g5} Qc7??? {diese Stellung überfordert beide
Geräte bei weitem, sofort wieder der Verlustzug in die Gegenrichtung, um
ganze 3 Bauerneinheiten !! schlechter als g5, danach ist Weiss wieder klar
im Vorteil, Komodo -1,50 mit der Fortsetzung g5, hier geht es zu wie in
einer Lotterie} 26. g5! {da schau her, ein richtiger Zug} Nxg5 27. Nxg5 e6?
{ein völlig unsinniger Zwischenzug, der die Partie bereits klar verliert,
Komodo -3,00 mit der Fortsetzung Sxf7 !! warum nicht einfach hxg5 ?} 28.
Nxf7!! {also das ist wirklich bemerkenswert, das TM Vancouver diesen
Gewinnzug findet, nicht mal die Engine Rybka kommt nach vielen Minuten auf
diesen Zug sondern preferiert Tb5} exd5?? {völlig unüberlegt wird nach nur
34 Sekunden Bedenkzeit der Turm genommen, weit besser ist aber noch Dxf7,
Komodo -4,50} 29. Nxh6+ Bxh6 30. Qxh6??? {ein wahrer Katastrophenzug der
nahezu den gesamten Vorteil verschenkt, Komodo nur noch +0,80 für Weiss,
sofort gewonnen hätte Sxd5 mit +4,50 (büsst also ca. 3,70 Bauerneinheiten
!! ein)} Qg7?? {ganz schwach, Komodo -1,50, nötig war Dxe5} 31. Qxg7+ Kxg7
32. Bd3 {rein materiell gesehen ist ja sogar Schwarz mit 2 Türmen gegenüber
dem Läuferpaar + Springer um einen Punkt im Vorteil, von der Position her
ist aber Weiss klar überlegen, Komodo -1,70} Rc5 33. Ne2 {besser ist Sb5}
a4? {klar schwächer als b5, Komodo -2,00} 34. Bd4 Ra5??? {ein Verlustzug,
danach ist die Partie klar verloren, Komodo -3,00, deutlich stärker ist
Tec8, danach dürfte der Turm C5 keinesfalls genommen werden, das führt
sogar schon zum Ausgleich} 35. h4 Kh6 36. Kg2 Rg8 37. Be3+ Kg7 38. Nf4 Raa8
39. Nxd5 Rad8 40. Nf4 Rge8 {hier zieht mir Risc II wieder mal den letzten
Nerv, 13 Sekunden !! vor Ablauf der Zeit macht er erst diesen Zug, zitterte
schon wieder vor einem Zeitverlust, das wäre echt schade in dieser
interessanten Stellung, natürlich ist die Partie klar verloren für Schwarz,
Komodo -4,50} 41. Bb6 Rc8 42. e6 {klar schwächer als Ld4+, dennoch völlig
ausreichend, Komodo +3,50} Rc6 43. Bd4+ Kh6 44. Bxg6? {ein schlechter Zug,
weitaus besser ist Le3 mit ca. +3,50, büsst eine ganze Bauerneinheit ein,
Komodo +2,50, dennoch ändert das nichts an der klaren Gewinnstellung für
Weiss} Rexe6 45. Nxe6 Kxg6 46. Nf4+ Kf5 47. Kg3?? {ein grottenschlechter
Zug, der den Sieg ernsthaft in Gefahr bringt, nötig war Kf3 !!, nach dem
Textzug ist Weiss nur noch mit ca. +1,00 im Vorteil lt. Komodo} b5!
{richtig} 48. Ne2 Ke4?? {damit verspielt Schwarz wieder alle Chancen und
die Partie ist klar verloren, Komodo -3,50, der nötige Zug 48. b4 !! ist
aber auch nicht gerade einfach für einen Oldie muss man sagen, der B-Bauer
kann ja einfach genommen werden, danach wird aber der A-Bauer zum
Freibauern und somit zur Bedrohung, schade um diese verpasste Chance, wäre
nochmals interessant geworden} 49. h5 Kd3 50. Kf3 b4 {lt. Komodo immer noch
die beste Wahl, aber leider rettet es jetzt nichts mehr, Komodo -4,00} 51.
axb4 Rc7 52. Be5 Rf7+ 53. Nf4+ Kc4 54. Kg4 Kxb4 55. Ne6??? {ein
Katastrophenzug, der ganze 6 Bauerneinheiten !!! einbüsst gegenüber h6,
aber sogar das kann sich Weiss noch leisten, Komodo +4,00} Rh7??? {völlig
unverständlich, schenkt gleich 11 Bauerneinheiten !! ab, nötig ist
natürlich einfach Txf2, absurd !!, Komodo -15,00} 56. Ng5 Rh6 {Mephisto
Risc II: -5,95 ----> aufgegeben !} 1-0
[/pgn]
[pgn]

[Event "Turnier 40 / 120"]
[Site "DESKTOP-NL3KVDB"]
[Date "2023.03.30"]
[Round "23"]
[White "Mephisto Risc II - 14 MHZ"]
[Black "Mephisto Phönix TM Vancouver - 36 MHZ"]
[Result "1/2-1/2"]
[BlackElo "2250"]
[WhiteElo "2244"]

{Analyse -----> Komodo 14.1.} 1. d4 Nf6 2. c4 e6 3. Nf3 c5 4. e3 {Buchende}
cxd4 {Buchende} 5. exd4 {Buchbewertung Mephisto Risc II: +0,14} Bb4+
{Buchbewertung TM Vancouver: +0,06 / lt. Komodo steht Weiss etwas besser
mit ca. +0,40} 6. Bd2 Bxd2+ 7. Nbxd2 O-O 8. Be2 d5 9. O-O Nc6 10. Rc1 b6
11. Re1 Bb7 12. c5 bxc5 13. Rxc5 Ne4 14. Rb5 Nd6 15. Rc5 Ne4 16. Rb5 Nd6
17. Rc5 Ne4 {Stellungswiederholung} 1/2-1/2
[/pgn]
[pgn]

[Event "Turnier 40 / 120"]
[Site "DESKTOP-NL3KVDB"]
[Date "2023.03.31"]
[Round "24"]
[White "Mephisto Phönix TM Vancouver - 36 MHZ"]
[Black "Mephisto Risc II - 14 MHZ"]
[Result "1/2-1/2"]
[BlackElo "2244"]
[WhiteElo "2250"]

{Analyse -----> Komodo 14.1.} 1. d4 Nf6 2. Nf3 d5 3. Bf4 {Buchende} Bf5 4.
e3 {Buchbewertung TM Vancouver: +0,21} e6 5. Bd3 Bxd3 {Buchende} 6. cxd3
Nh5 {Buchbewertung Mephisto Risc II: -0,02 / lt. Komoda steht Weiss knapp
besser mit ca. +0,40} 7. Bg5 Nf6 8. Bxf6 Qxf6 9. O-O Nc6 10. Nc3 Bd6 11.
Nb5 O-O 12. Nxd6 cxd6 13. Qb3 Rab8 14. Rac1 Rfc8 15. Qa3 Qd8 16. Rc2 Ne5
17. Rxc8 Nxf3+ 18. gxf3 Rxc8 19. Qxa7 Qg5+ 20. Kh1 Qh5 21. Qxb7 Qxf3+ 22.
Kg1 Qg4+ 23. Kh1 Qf3+ 24. Kg1 Qg4+ 25. Kh1 Qf3+ {Stellungswiederholung}
1/2-1/2
[/pgn]
[pgn]

[Event "Turnier 40 / 120"]
[Site "DESKTOP-NL3KVDB"]
[Date "2023.03.31"]
[Round "25"]
[White "Mephisto Risc II - 14 MHZ"]
[Black "Mephisto Phönix TM Vancouver - 36 MHZ"]
[Result "1-0"]
[BlackElo "2250"]
[WhiteElo "2244"]

{Analyse -----> Komodo 14.1.
} 1. e4 d6 2. d4 Nf6 3. Nc3 g6 4. f4 Bg7 5.
Nf3 c5 6. dxc5 Qa5 7. Bd3 Qxc5 8. Qe2 O-O 9. Be3 Qa5 10. O-O {Buchende} Bg4
11. h3 {Buchbewertung Mephisto Risc II: +0,31} Bxf3 12. Qxf3 Nc6 13. a3 Nd7
{Buchende} 14. b4 {besser ist Ld2} Qd8 {Buchbewertung TM Vancouver: +0,63 /
lt. Komodo steht Schwarz knapp besser mit ca. +0,30} 15. Bd2 Rc8 16. Kh1 e6
17. Rfd1 {weniger gut, der Turm a1 sollte aus der Schusslinie des Läufers
gehen mit Tab1, Komodo -0,60} a6 18. Rab1 Nd4 {besser ist Sxb4} 19. Qg3 Nb6
20. b5 Nc4 21. Bxc4 Rxc4 22. Qd3 Qc7 23. bxa6 bxa6 24. Rb6? {ein schwacher
Zug, danach steht Schwarz klar besser, Komodo -1,00, nötig war Tb4 mit ca.
-0,50} Nxc2 25. Rxa6 Qc8? {ein ganz schwacher Zug, der jeglichen Vorteil
verspielt, danach ist die Stellung im Lot, nötig war Lxc3} 26. Ra4 Rxa4 27.
Nxa4 Qc6 28. Rc1 Rc8 29. Nc3 Nxa3 30. Nd1 Nc4??? {ein absoluter Verlustzug,
danach ist die Partie sofort verloren, Komodo -3,00, nötig war Txc1 mit
Ausgleich} 31. Ne3 d5?? {nochmals weit schlechter als Db5, Komodo -4,00}
32. exd5 exd5 33. Nxd5 Bf8 34. Bc3! h6??? {hier wäre noch Se5 mit -5,00,
weit besser, allerdings spielt es hier keine Rolle mehr, dennoch büsst der
Textzug nochmals ganze 7 Bauerneinheiten !! ein, Komodo -12,00} 35. Qd4 f6
36. Bb2??? {an und für sich ein Katastrophenzug, der 5 Bauerneinheiten !!
einbüsst, Komodo +7,00, aber von einem Katastrophenzug zu sprechen ist
natürlich relativ, gewinnt natürlich klar, deutlich schneller gewinnt aber
Sxf6+} Qb5 37. Nxf6+ Kf7 38. Nd7? {deutlich stärker ist Da7+, büsst ganze 4
Bauerneinheiten ein, aber auch das spielt natürlich keine Rolle mehr,
Komodo +5,00} Qxb2 39. Ne5+ Kg7 40. Qxb2 Nxb2 41. Rxc8 {Rest geschenkt} 1-0
[/pgn]
[pgn]

[Event "Turnier 40 / 120"]
[Site "DESKTOP-NL3KVDB"]
[Date "2023.03.31"]
[Round "26"]
[White "Mephisto Phönix TM Vancouver - 36 MHZ"]
[Black "Mephisto Risc II - 14 MHZ"]
[Result "1-0"]
[BlackElo "2244"]
[WhiteElo "2250"]

{Analyse -----> Komodo 14.1.} 1. d4 d5 2. Nf3 Nf6 3. c4 dxc4 4. Nc3 c6 5.
a4 Bf5 6. e3 e6 7. Bxc4 Bb4 8. O-O O-O 9. Qe2 Nbd7 10. e4 Bg6 11. Bd3 Bh5
12. Bf4 Re8 13. e5 Nd5 14. Nxd5 cxd5 {Buchende} 15. h3 {Buchende} Qe7
{Buchbewertung Mephisto Risc II: -0,09} 16. Rfc1 {Buchbewertung TM
Vancouver: -0,06 lt. Komodo steht Weiss knapp besser mit ca. +0,40} Rac8
17. Qe3 Nb6 18. Bb5 Rxc1+ 19. Rxc1 Rc8 20. Rxc8+ Nxc8 21. Qc1 Nb6 22. Be2
Nxa4 23. Qc8+ Qf8 24. Qxb7 Nxb2 25. Qxa7 Bg6 26. Qa6 Bc2 27. Bd2 Ba3 28.
Qc6 Ba4 29. Qc3 Bd1 30. Bxd1 Nxd1 31. Qb3 Nb2 32. Bc1 Nc4 33. Bxa3 Qxa3 34.
Qb8+ Qf8 35. Qb7 h6 36. Kh2 f6 37. Qd7 Qf7 38. Qc8+ Kh7 39. exf6 gxf6 40.
Nh4 h5 41. g3 Nd6 42. Qc2+ Kg7 43. Kg2 Ne4 44. Qc8 Kh7 45. Qc6 Ng5 46. Qb6
Qg8 47. Qc7+ Qg7 48. Qb8 Kh6 49. Qe8 Qh7 50. Kh2 Qf7 51. Qh8+ Nh7 52. Qb8
Nf8 53. Ng2 Ng6 54. Qd6 Kh7 55. Qa6 e5 56. Ne3 Ne7 57. Qb6 Kg7 58. Kg1 exd4
59. Qxd4 Qe6 60. Qa7 Kf7 61. h4 Qe4 {besser ist Kg8} 62. Ng2 d4 63. Kh2
Kg7?? {ein Verlustzug, danach ist die Partie praktisch schon verloren,
Komodo -1,70 mit der Fortsetzung Sf4, nötig war Ke8} 64. Nf4 Kh6? {jetzt
geht es steil bergab, verschlimmert die Lage nochmals drastisch, deutlich
mehr Widerstand leistet De5, Komodo -3,00} 65. Qd7 Nf5?? {Risc II hat
völlig den Überblick verloren es geht weiter steil bergab, Komodo -6,00,
deutlich mehr Widerstand leistet noch De1 mit ca. -3,00} 66. Qf7 Ng7?? {es
geht weiter bergab, Komodo -9,00 besser ist noch Sxh4} 67. Qxf6+ Kh7 68.
Qd6??? {ein grottenschlechter Zug, der 2/3 des Vorteiles verspielt, Komodo
+3,00, sofort gewonnen hätte Sh3 mit +9,00} Kg8 69. Qc5 d3 70. Qc8+ Kh7 71.
Qd7 Kh6 72. Nxd3 Qf3 73. Qd4 Kh7 74. Nf4 Kh6?? {verdoppelt den Nachteil von
Schwarz, Komodo -6,00, nötig war Kg8} 75. Qa7 {Rest geschenkt} 1-0
[/pgn]
[pgn]

[Event "Turnier 40 / 120"]
[Site "DESKTOP-NL3KVDB"]
[Date "2023.04.01"]
[Round "27"]
[White "Mephisto Risc II - 14 MHZ"]
[Black "Mephisto Phönix TM Vancouver - 36 MHZ"]
[Result "1-0"]
[BlackElo "2250"]
[WhiteElo "2244"]

{Analyse ----> Komodo 14.1.} 1. d4 d5 2. c4 Nc6 3. Nf3 Bg4 4. cxd5 Bxf3
{Buchende} 5. gxf3 Qxd5 {Buchbewertung TM Vancouver: -0,21} 6. e3 e5 7. Nc3
Bb4 8. Bd2 Bxc3 9. bxc3 {Buchende} Nge7? {ein schlechter Zug, deutlich
besser ist Dd6, nach dem Textzug steht Weiss bereits klar besser, Komodo
-1,10} 10. c4! {richtig, Buchbewertung Mephisto Risc II: +0,61} Qd6 11. d5
Nd8? {völlig daneben, deutlich besser ist Sb8, nach dem Textzug ist die
Partie praktisch schon verloren, natürlich muss man wieder dazu sagen, nach
Massstab von Komodo 14.1. für Risc II ist es natürlich noch ein Weg zu
gehen bis zum Gewinn, Komodo -1,60, aber erledigt ist das natürlich noch
nicht} 12. Rg1? {schon die 1. Ungenauigkeit, deutlich besser ist Da4+,
Komodo +1,00} O-O 13. Rb1 Qh6 14. h3? {ein schwacher Zug, der den Vorteil
von Weiss mehr als halbiert, Komodo +0,40, deutlich besser ist Lb4} f5 15.
c5 f4 {ein schwacher Zug, deutlich besser ist Kh8, Komodo -1,00} 16. e4 Kh8
17. Qa4? {ein schwacher Zug, der nahezu den gesamten Vorteil verspielt,
Komodo +0,20 mit der Fortsetzung c6, nötig war Lc4} Ng6? {auch nicht gerade
das Gelbe vom Ei, danach steht Weiss wieder klar besser, Komodo -1,00,
nötig war wie gesagt c6 mit annäherndem Ausgleich} 18. Rb3? {neuerlich wird
das weit stärkere Lc4 verschmäht, danach könnte Schwarz wieder dem
Ausgleich nahe kommen mittels c6, Komodo +0,30} Qh4? {diese Stellung
überfordert beide Geräte, wieder wird c6 verschmäht (Risc II hatte den
richtigen Zug vorgeschlagen), nach dem Textzug steht Weiss neuerlich klar
besser, Komodo -1,00} 19. Rg4 {besser ist Dd7} Qe7 20. Bb4 c6 21. Bc4 Qe8?
{ganz klar die falsche Figur, der Turm gehört nach e8} 22. Ba3 cxd5??? {ein
absoluter Verlustzug, völlig unverständlich, wie kann man dem Gegner ein
derart starkes Bauernzentrum mit weit vorgerücktem Freibauern schenken,
einfach nur ABSURD !!!, danach ist die Partie klar verloren, Komodo -2,00,
nötig war Tf6 mit ca. -0,70} 23. Qxe8 Rxe8??? {hier ist sogar noch dxc4
weit stärker, nach dem Textzug kann man schon den Stecker ziehen, mein
letzter Kommentar zu dieser Partie, den Rest kann man sich schenken, ein
Selbstläufer, Komodo -2,60} 24. exd5 Rc8 25. Bd3 Nf8??? 26. Bb5 Re7 27. c6
{Rest geschenkt} 1-0
[/pgn]
[pgn]